Bayerische Staatsregierung - Statistiken

Allgemein
  • Dieses Quiz wurde 31 mal gespielt
  • Das Durchschnittsergebnis liegt bei 5 aus 18
Antwortstatistiken
Bildquiz Hint Antwort % Korrekt
Ministerpräsident Dr. Markus Söder
100%
Staatsminister des Innern, für Sport und Integration Joachim Herrmann
68%
Staatsminister für Wirtschaft, Landesentwicklung und Energie Hubert Aiwanger
64%
Leiter der Staatskanzlei, Staatsminister für Bundesangelegenheiten und Medien Dr. Florian Herrmann
61%
Staatsminister für Unterricht und Kultus Prof. Dr. Michael Piazolo
39%
Staatsminister der Finanzen und für Heimat Albert Füracker
32%
Staatsministerin für Digitales Judith Gerlach
25%
Staatsminister für Gesundheit und Pflege Klaus Holetschek
21%
Staatsministerin für Ernährung, Landwirtschaft und Forsten Michaela Kaniber
21%
Staatsministerin für Europaangelegenheiten und Internationales Melanie Huml
18%
Staatsminister für Wissenschaft und Kunst Bernd Sibler
14%
Staatsministerin für Wohnen, Bau und Verkehr Kerstin Schreyer
14%
Staatsminister für Umwelt und Verbraucherschutz Thorsten Glauber
14%
Staatsminister der Justiz Georg Eisenreich
11%
Staatssekretär im Bayerischen Staatsministerium des Innern, für Sport und Integration Gerhard Eck
11%
Staatssekretärin im Bayerischen Staatsministerium für Unterricht und Kultus Anna Stolz
7%
Staatsministerin für Familie, Arbeit und Soziales Carolina Trautner
4%
Staatssekretär im Bayerischen Staatsministerium für Wirtschaft, Landesentwicklung und Energie Roland Weigert
0%
Keine übereinstimmenden Quizze gefunden
Verteilung der Resultate
Anzahl Personen mit jedem Resultat
Perzentil nach korrekt beantworteten Fragen
Ihre Resultats-Entwicklung
Sie haben dieses Quiz noch nicht gespielt